000 00401cam a2200157ua 4500
020 _a9788178001364
082 _a631.583
_bRAD/GR
100 _aRadha Manohar, K .
_9776
100 _aIgathinathane, C .
_9777
245 _aGreenhouse Technology and Management /
250 _a2 nd
260 _aHyderabad :
_bB S Publications
_c2015
300 _a217
500 _a20452-Reference
942 _cBK
999 _c10444
_d10444